书目信息 |
| 题名: |
俄罗斯美术百年巡礼
|
|
| 作者: | ||
| 分册: | ||
| 出版信息: | 北京 中国世界语出版社 1994 |
|
| 页数: | 1册 | |
| 开本: | 24×26cm | |
| 丛书名: | ||
| 单 册: | ||
| 中图分类: | J231(512) , J233(512) | |
| 科图分类: | 48.373527 | |
| 主题词: | 绘画--俄罗斯--现代--画册 | |
| 电子资源: | ||
| ISBN: | 7-5052-0116-6 | |
| 000 | 00780nam0 2200253 45 | |
| 001 | 0195014720 | |
| 005 | 20061116101606.54 | |
| 010 | @a7-5052-0116-6@dCNY40.00 | |
| 100 | @a19950424d1994 em y0chiy0121 ea | |
| 101 | 0 | @achi |
| 102 | @aCN@b110000 | |
| 105 | @aa z 000yy | |
| 200 | 10 | @a俄罗斯美术百年巡礼@AE LUO SI MEI SHU BAI NIAN XUN LI |
| 210 | @a北京@c中国世界语出版社@d1994 | |
| 215 | @a1册@d24×26cm | |
| 300 | @a并列题名:Russian fine art a hundred years | |
| 510 | 1 | @aRussian fine art a hundred years@zeng |
| 540 | 1 | @a俄罗斯 美术 百年 巡礼@AE LUO SI MEI SHU BAI NIAN XUN LI |
| 606 | @a绘画@y俄罗斯@z现代@x画册 | |
| 690 | @aJ231(512)@v三版 | |
| 690 | @aJ233(512)@v3 | |
| 692 | @a48.373527 | |
| 801 | 0 | @aCN@bTSSF@c20061116 |
| 905 | @a10447@dJ233(512)@e39 | |
| 俄罗斯美术百年巡礼.-北京:中国世界语出版社,1994 |
| 1册;24×26cm |
| 并列题名:Russian fine art a hundred years |
| ISBN 7-5052-0116-6:CNY40.00 |
| ● |
| 相关链接 |
|
|
|
|
正题名:俄罗斯美术百年巡礼
索取号:J233(512)/39
 
预约/预借
| 序号 | 登录号 | 条形码 | 馆藏地/架位号 | 状态 | 备注 |
| 1 | 0276257 | 000793350 | 第一样本阅览室/ [索取号:J233(512)/39] | 在馆 |